000
00238nam a2200097Ia 4500
005
20251222120159.0
008
251222s1900||||xx |||||||||||||| ||spa||
082
_a
DVD0070/W17/2003
245
0
_a
Man of Marble:El Hombre de Marmol
942
_c
DVD
999
_c
2364
_d
2364